All Super Smash Bros Stages - Statistics

General Stats
  • This quiz has been taken 14 times
    12 since last reset
  • The average score is 57 of 132
Answer Stats
Games Universe Answer % Correct
64, 3DS (DLC), Wii U (DLC), Ultimate The Legend of Zelda Hyrule Castle
86%
64, 3DS (DLC), Wii U (DLC), Ultimate Super Mario Peach's Castle
86%
64, Melee, Ultimate Yoshi Yoshi's Island / Super Happy Tree
86%
64, Melee, Wii U, Ultimate Donkey Kong Congo Jungle / Kongo Jungle
71%
Melee, Brawl, 3DS, Ultimate Star Fox Corneria
71%
64, Melee, 3DS (DLC), Wii U (DLC), Ultimate Kirby Dream Land
71%
64, Melee, Brawl, 3DS, Wii U, Ultimate Super Smash Bros Duel Zone / Battlefield
71%
64, Melee, Brawl, 3DS, Wii U, Ultimate Super Smash Bros Final Destination
71%
Melee, Brawl, Ultimate Kirby Green Greens
71%
Brawl, Wii U, Ultimate Kirby Halberd
71%
Melee, Brawl, 3DS, Ultimate Donkey Kong Jungle Japes
71%
Melee, Ultimate Donkey Kong Kongo Jungle / Kongo Falls
71%
Wii U, Ultimate Super Mario Mario Circuit
71%
Brawl, Wii U, Ultimate Super Mario Mario Circuit / Figure-8 Circuit
71%
Melee F-Zero Mute City
71%
Wii U, Ultimate Pac-man Pac-Land
71%
Melee, Brawl, Ultimate Pokémon Pokémon Stadium
71%
Brawl, Wii U, Ultimate Pokémon Pokémon Stadium 2
71%
64, Ultimate Pokémon Saffron City
71%
3DS, Ultimate Tomodachi Tomodachi Life
71%
Brawl, 3DS, Ultimate | Melee, Brawl, Wii U, Ultimate Yoshi Yoshi's Island
71%
3DS, Ultimate Balloon Fight Balloon Fight
57%
Melee, Brawl, Ultimate F-Zero Big Blue
57%
Brawl, Wii U, Ultimate Super Mario Delfino Plaza
57%
3DS (update), Wii U, Ultimate Duck Hunt Duck Hunt
57%
3DS, Ultimate Find Mii Find Mii
57%
Melee, Ultimate Kirby Fountain of Dreams
57%
Melee, Ultimate Mother Fourside
57%
Brawl, 3DS, Ultimate Sonic The Hedgehog Green Hill Zone
57%
Melee Ice Climber Icicle Mountain
57%
Wii U, Ultimate Pokémon Kalos Pokémon League
57%
Wii U (update) Miiverse Miiverse
57%
64, Ultimate | Melee Super Mario Mushroom Kingdom
57%
Melee, Brawl, Wii U, Ultimate Mother Onett
57%
3DS Pac-man Pac-maze
57%
Wii U, Ultimate Pilotwings Pilotwings
57%
64 Metroid Planet Zebes
57%
64 Star Fox Sector Z
57%
Melee, Ultimate Star Fox Venom
57%
Wii U, Ultimate Wrecking Crew Wrecking Crew
57%
3DS, Ultimate Super Mario 3D Land
43%
Brawl, Wii U, Ultimate Donkey Kong 75m
43%
Wii U, Ultimate Super Smash Bros Big Battlefield
43%
3DS, Wii U, Ultimate Punch-Out!! Boxing Ring
43%
Melee, Brawl, 3DS, Ultimate Metroid Brinstar
43%
Melee, Ultimate Metroid Brinstar Depths
43%
Brawl, Wii U, Ultimate Fire Emblem Castle Siege
43%
Ultimate Castlevania Dracula's Castle
43%
Melee Game & Watch Flat Zone
43%
Brawl, 3DS Game & Watch Flat Zone 2
43%
Wii U, Ultimate Game & Watch Flat Zone X
43%
Wii U, Ultimate Wario Gamer
43%
Wii U, Ultimate Pikmin Garden of Hope
43%
3DS, Wii U, Ultimate Xenoblade Chronicles Gaur Plain
43%
Brawl, Ultimate Hanenbow Hanenbow
43%
3DS, Ultimate Nintendogs Living Room
43%
Brawl, Wii U, Ultimate Super Mario Luigi's Mansion
43%
Brawl, Wii U, Ultimate Star Fox Lylat Cruise
43%
Wii U, Ultimate Super Mario Mario Galaxy
43%
Ultimate (DLC) Minecraft Minecraft World
43%
Ultimate Splatoon Moray Towers
43%
Brawl, Ultimate Mother New Pork City
43%
Brawl, Wii U, Ultimate Metroid Norfair
43%
Wii U, Ultimate Kid Icarus Palutena's Temple
43%
3DS, Ultimate Super Mario Paper Mario
43%
Brawl Nintendo DS PictoChat
43%
3DS, Ultimate Nintendo DS PictoChat 2
43%
Brawl, Wii U (DLC), Ultimate The Legend of Zelda Pirate Ship
43%
Melee Pokémon Poké Floats
43%
Brawl, Wii U, Ultimate F-Zero Port Town Aero Dive
43%
Melee, Brawl, Ultimate Super Mario Rainbow Cruise
43%
Wii U, Ultimate The Legend of Zelda Skyloft
43%
Brawl, Wii U, Ultimate Kid Icarus Skyworld
43%
Ultimate (update) Super Smash Bros Small Battlefield
43%
Ultimate (DLC) Banjo-Kazooei Spiral Mountain
43%
Brawl, Ultimate Ice Climber Summit
43%
3DS (DLC), Wii U (DLC), Ultimate Super Mario Super Mario Maker
43%
Melee, Brawl, Wii U, Ultimate The Legend of Zelda Temple
43%
Wii U, Ultimate Kirby The Great Cave Offensive
43%
3DS, Ultimate Pokémon Unova Pokémon League
43%
Brawl, 3DS, Ultimate Wario WarioWare Inc.
43%
3DS, Wii U, Ultimate Megaman Wily Castle
43%
Wii U, Ultimate Sonic The Hedgehog Windy Hill Zone
43%
Wii U, Ultimate Wii Sports Wuhu Island
43%
Melee, Ultimate Yoshi Yoshi's Story
43%
3DS, Ultimate Fire Emblem Arena Ferox
29%
Brawl, Wii U, Ultimate The Legend of Zelda Bridge of Eldin
29%
Ultimate (DLC) Xenoblade Chronicles Cloud Sea of Alrest
29%
Brawl, 3DS, Ultimate Pikmin Distant Planet
29%
3DS, Ultimate Kirby Dream Land (GB)
29%
Brawl, Ultimate Metroid Frigate Orpheon
29%
Ultimate (DLC) Fire Emblem Garreg Mach Monastery
29%
3DS, Ultimate Super Mario Golden Plains
29%
Melee, Ultimate The Legend of Zelda Great Bay
29%
Ultimate The Legend of Zelda Great Plateau Tower
29%
Ultimate (DLC) Fatal Fury King of Fighters Stadium
29%
Brawl, Ultimate Super Mario Mario Bros
29%
Ultimate (DLC) Persona Mementos
29%
3DS (DLC), Wii U (DLC), Ultimate Final Fantasy Midgar
29%
Ultimate (DLC) Tekken Mishima Dojo
29%
Melee, Ultimate Super Mario Mushroom Kingdom 2
29%
Wii U, Ultimate Super Mario Mushroom Kingdom U
29%
Brawl, 3DS, Ultimate Super Mario Mushroomy Kingdom
29%
3DS, Ultimate F-Zero Mute City (Snes)
29%
Wii U Star Fox Orbital Gate Assault
29%
Melee, Ultimate Super Mario Princess Peach's Castle
29%
Wii U Metroid Pyrosphere
29%
3DS Super Mario Rainbow Road
29%
3DS, Ultimate Kid Icarus Reset Bomb Forest
29%
Brawl, Wii U, Ultimate Animal Crossing Smashville
29%
3DS, Ultimate The Legend of Zelda Spirit Train
29%
Wii U, Ultimate Animal Crossing Town and City
29%
3DS (DLC), Wii U (DLC), Ultimate Bayonetta Umbra Clock Tower
29%
Wii U, Ultimate Wii Fit Wii Fit Studio
29%
Wii U Yoshi Woolly World
29%
Wii U, Ultimate Fire Emblem Coliseum
14%
3DS, Ultimate The Legend of Zelda Gerudo Valley
14%
Ultimate (DLC) Kingdom Hearts Hollow Bastion
14%
Wii U Donkey Kong Jungle Hijinx
14%
3DS, Ultimate Mother Magicant
14%
64 Super Smash Bros / Super Mario Meta Crystal
14%
Ultimate Super Mario New Donk City Hall
14%
Ultimate (DLC) Final Fantasy Northern Cave
14%
3DS, Ultimate Pokémon Prism Tower
14%
Brawl, Ultimate Metal Gear Shadow Moses Island
14%
Brawl, Ultimate Pokémon Spear Pillar
14%
3DS (DLC), Wii U (DLC), Ultimate Street Fighter Suzaku Castle
14%
3DS, Ultimate Animal Crossing Tortimer Island
14%
Brawl Donkey Kong Rumble Falls
0%
Ultimate (DLC) Dragon Quest Yggdrasil's Altar
0%
No matching quizzes found
Score Distribution
Percent of People with Each Score
Percentile by Number Answered
Your Score History
You have not taken this quiz since the last reset